00752nam a2200205 a 450000100100000000500170001000800410002702000150006804000250008310000370010824501070014526000410025230000280029349000220032150000220034350400300036583000290039595201050042499900170052900004284220201002040435.0140211s1999 sp a 000 0 spa d a8420639737 aDO-SdBNPbspacBNPHU1 aPuente Ferreras, Aníbal97022313aEl cerebro creador :b¿qué hacer para que el cerebro sea más eficaz? /cAníbal Puente Ferreras. aMadrid, :bAlianza Editorial,c1999. a443 p. :bil. ;c18 cm.1 aCiencias sociales aLibro de bolsillo aBibliografía p: 413-435 0aCiencias sociales913247 001050718MOaGRbGRcCTd2014-03-03iLF1l0o p42842-10r2020-06-25w2020-06-25y1ZNo se presta c42331d42331